|
|
|
|
| LEADER |
00000nam a2200000 a 4500 |
| 001 |
vtls008774630 |
| 003 |
SK-MaSNL |
| 005 |
20260425235250.0 |
| 008 |
240318s2006 xxk f 001 0 eng |
| 020 |
|
|
|a 052167493X
|q (brož.)
|
| 040 |
|
|
|a SNK
|b slo
|c SNK
|e AACR2
|
| 041 |
0 |
|
|a eng
|
| 044 |
|
|
|a uk
|c GB
|
| 072 |
|
7 |
|a 81
|x Jazykoveda. Jazyky
|2 konspekt
|
| 080 |
|
|
|a 81:1
|2 2001
|
| 080 |
|
|
|a 81
|2 2001
|
| 080 |
|
|
|a 101
|2 2001
|
| 080 |
|
|
|a 81`2/`44
|2 2001
|
| 080 |
|
|
|a 159.95
|2 2001
|
| 080 |
|
|
|a (048.8)
|2 2001
|
| 100 |
1 |
|
|a Chomsky, Noam,
|d 1928-
|4 aut
|9 226333
|
| 245 |
1 |
0 |
|a Language and mind
|c Noam Chomsky
|
| 250 |
|
|
|a 3rd ed.
|
| 260 |
|
|
|a Cambridge
|b Cambridge University Press
|c 2006
|
| 300 |
|
|
|a xviii, 190 s.
|c 23 cm
|
| 650 |
0 |
7 |
|a jazykoveda
|x filozofické aspekty
|2 SNKPH
|9 534521
|
| 650 |
0 |
7 |
|a filozofia jazyka
|2 SNKPH
|9 804
|
| 650 |
0 |
7 |
|a biolingvistika
|2 SNKPH
|9 88357
|
| 650 |
0 |
7 |
|a poznávanie
|2 SNKPH
|9 17474
|
| 655 |
|
7 |
|a štúdie
|2 SNKPH
|9 57033
|
| 919 |
|
|
|a 0-521-67493-X
|
| 999 |
|
|
|c 824751
|d 826681
|
| 952 |
|
|
|a SNK
|b SNK
|y VYP
|7 0
|p 17A0511852
|o snkIC 133524
|i snk2006/12461
|8 3
|g 35.55
|0 0
|1 0
|4 0
|d 2006-06-20
|l 0
|r 2026-02-24 03:17:43
|w 2026-02-24
|